Historia de los Estados Unidos desde su primer período hasta nuestros días / (Record no. 165694)

MARC details
000 -LEADER
campo de control de longitud fija 01003nam a2200241 i 4500
001 - NÚMERO DE CONTROL
campo de control 165694
003 - IDENTIFICADOR DE NÚMERO DE CONTROL
campo de control ES-MaACL
005 - FECHA Y HORA DE LA ÚLTIMA TRANSACCIÓN
campo de control 20250831014818.0
008 - DATOS DE LONGITUD FIJA--INFORMACIÓN GENERAL
campo de control de longitud fija 940615n18681873sp a |||| | spa d
040 ## - FUENTE DE CATALOGACIÓN
Centro catalogador/agencia de origen CAM
Lengua de catalogación spa
100 1# - ENTRADA PRINCIPAL--NOMBRE DE PERSONA
Nombre de persona Spencer, Jesse Ames.
9 (RLIN) 132864
245 10 - MENCIÓN DEL TÍTULO
Título Historia de los Estados Unidos desde su primer período hasta nuestros días /
Mención de responsabilidad, etc. por J.A. Spencer ; traducida del inglés por D.M.B.
260 ## - PUBLICACIÓN, DISTRIBUCIÓN, ETC.
Lugar de publicación, distribución, etc. Barcelona, etc. :
Nombre del editor, distribuidor, etc. Montaner y Simón, etc.,
Fecha de publicación, distribución, etc. 1868-1873.
300 ## - DESCRIPCIÓN FÍSICA
Extensión 3 v., [55] h. de lám. ;
Dimensiones 32 cm.
594 ## - Nota al título y mención de responsabilidad
Nota al título y mención de responsabilidad Los v. 2 y 3 añaden al tít. : Continuada hasta nuestros dias por Horacio Greeley ; traducción directa del inglés por Enrique Leopoldo de Verneuill.
597 ## - NOTA DE DESCRIPCIÓN FÍSICA
NOTA DE DESCRIPCIÓN FÍSICA Port. a dos tintas.
597 ## - NOTA DE DESCRIPCIÓN FÍSICA
NOTA DE DESCRIPCIÓN FÍSICA Texto a dos col.
651 #4 - PUNTO DE ACCESO ADICIONAL DE MATERIA--NOMBRE GEOGRÁFICO
Nombre geográfico Estados Unidos-
Subdivisión general Historia
9 (RLIN) 8540
700 1# - ENTRADA AGREGADA--NOMBRE PERSONAL
Nombre de persona Greeley, Horace.
9 (RLIN) 152872
700 1# - ENTRADA AGREGADA--NOMBRE PERSONAL
Nombre de persona Verneuil, Enrique Leopoldo de
9 (RLIN) 133649
852 ## - LOCALIZACIÓN
Ubicación ES-MaACL
Número de control de estantería C-2024-26
Nota libre -- Enc. hol. grabada
Holdings
Estatus retirado Estado de pérdida Estado de daño No para préstamo Colección Biblioteca de origen Biblioteca actual Ubicación en estantería Fecha de adquisición Total de préstamos Signatura topográfica completa Código de barras Visto por última vez Precio de reemplazo Tipo de ítem Koha
        Libros del s. XIX Biblioteca del Ateneo de Madrid Biblioteca del Ateneo de Madrid Sala Palomar 17/01/2008   C-2024-26 1173767 23/02/2023 23/02/2023 Libro impreso antiguo